000 00567nam a2200193 a 4500
005 20140310183154.0
008 970101s19uu xx 00 eng d
020 _a0078811961
050 _aQA 76.9.D3
_b.L568 1986
100 _aLiskin, Miriam
245 _aAdvanced dBase III :
_bprogramming and techniques /
_cMiriam Liskin.
260 _aCalifornia :
_bOsborne Mc Graw-Hill,
_c1986.
300 _a656 p. :
_bill. ;
_c21 cm.
500 _aIncludes index.
521 _aIT
650 _aInterfacing and communication
942 _cBK
_2lcc
_kFOR
999 _c19721
_d19721